Quizzes
Events
Quiz Creation
Community
Videos
Private Events
Remove Ads
Sign In
Join for FREE
Feedback
Dark Mode
Quiz Categories
Sports
Geography
Music
Movies
Television
Just For Fun
Miscellaneous
History
Literature
Language
Science
Gaming
Entertainment
Religion
Holiday
For Kids
Quiz Lab
Recent
Popular Today
Quiz Kudos Today
Editor Picks
Curator Picks
Quizzes by...
Day
Popularity
Type
Ratings
Length
Year
Community
Subscriptions
Recent Discussions
Orange Saloon
Badges
Playlists
Quests
Create
Leaderboards
Showdown
Live 5
Trivia Bingo
Activity
Puzzle Library
Sporcle Events
Private Events
Virtual Trivia
Globe League
Become a Host
Pub Owners
SporcleCon
Opinionation
Our Games
Videos
Blog
Mobile Apps
Partnerships
Remove Ads and Go Orange
Feedback
Music
Pop Music
The Beatles
Song
Album
Lyrics
Bands
Singers
Artist
Clip
Rock
Rap
Classical
Billboard
Country Music
Kpop
Taylor Swift
Music
Pop Music
The Beatles
Song
Album
Lyrics
Bands
Singers
Artist
Clip
Rock
Rap
Classical
Billboard
Country Music
Kpop
Taylor Swift
Random Quiz
Search Sporcle
×
Quiz Lab
Quiz Lab
Music
Kpop
Type in answers that appear in a list
Type in answers that appear in a list
Classic
Best Score? Go Orange.
Keyword K-pop Stats
Can you name the K-pop idols by keywords?
By
kpoppin
15m
45 Questions
1,561 Plays
1,561 Plays
1,561 Plays
Comments
Comments
Give Quiz Kudos
Give Quiz Kudos
-
- Ratings
hide this ad
Replay
Link that replays current quiz
Next Quiz
Link to next quiz in quiz playlist
You Got
0%
They Got
Avg Score
64%
Avg Friend Score
Upgrade to see
Score Distribution
Jump to the score distribution portion of the page
Score
0/45
Timer
15:00
0
Plays Today
Hint
Answer
% Correct
Haru Haru
Big Bang
98.1%
XOXO
EXO
94.2%
Best Absolute Perfect
B.A.P
89.9%
Beauty and the
Beast
88.5%
CNU
B1A4
86.3%
Fire
2NE1
84.1%
Everlasting Friends
Super Junior
83.2%
Male Ballad Group
2AM
83.1%
Abracadbra
Brown Eyed Girls
81.4%
Lee Jinki
SHINee
81%
Step
Kara
78.4%
Pink Panda
Apink
77.6%
Former 2PM
Jay Park
76%
2 Chinese 2 Korean
Miss A
75.9%
Push Push
Sistar
75%
Jo Twins
Boyfriend
74%
2Yoon
4Minute
73.7%
Seo Joohyun
SNSD
73.7%
Nanlina
Block B
73.6%
Primadonna
FT Island
73.5%
Beast-
dol
2PM
72.5%
LOVE Girl
CN Blue
70.4%
J.Tune Camp
MBLAQ
66.7%
Hint
Answer
% Correct
Love is Move
Secret
65.7%
Newest
NU'EST
65.1%
Graduating
After School
63.7%
T.O.P Media
Teen Top
63.7%
1998-
Now
Shinhwa
62.7%
Ubiquitous Korean International idol Super Star
UKiss
62.4%
6 >7 >8 >7 >6 (member rotations)
T-ara
60.2%
Soloist Amy Lee (A. Lee)
Ailee
58.5%
_
_
_
_
_
_
_
's Sesame Player
Infinite
56.9%
Always Keep the Faith
DBSK
56.3%
Woori
Rainbow
53.5%
Kim Pil Sook, Lee Soon Shin
IU
52%
Dream High Duo
Jj Project
49.6%
Cube Soloist
G.NA
44.1%
Korea's Sexy Diva
Lee Hyori
43.1%
_
_
_
's Style
Z:EA
40.1%
Nickelodeon TV Movie
Wondergirls
39.7%
Three nations group
f(x)
38.4%
Solo, Shaking Heart
C-Clown
33.4%
Dahee
G.L.A.M
20.6%
2012 Super Rookie
Lee HI
18.6%
Do Men Cry
Davichi
12.2%
Quiz Playlist
Details
Report
Send in Message
Add To Playlist
Classic:
Type in answers that appear in a list
Last Updated: Feb 16, 2017
Quiz Scoreboard
CHALLENGE
Sign Up to Join the Scoreboard
Show All
Scores
Hide
Comments
May contain spoilers
Recently Published
An Introduction to Baseball
by treessimontrees
Sports
5m
Movies - When Are They Set?
by FPL_Elf
Movies
5m
Popular People in 1961
by mucciniale
History
6m
More to Explore
Quiz From the Vault
Featured Blog Post
Where Did the Easter Bunny Come From?
hide this ad
You Might Also Like...
Tags
Kpop Quiz
Korean
Kpop Quiz
Today's Top Quizzes in Music
Browse Music
hide this ad
Today's Top Quizzes in Kpop
Browse Kpop
Top Contributed Quizzes in Music
1
Taylor Swift All Songs (2024)
2
Guess the Artist- 70s Songs
3
KPOP LOGIC QUIZ
4
One Thing in Common: Music
5
2010s Album by Cover III
6
Guess the Taylor Swift song (Mystery Song)
7
Taylor Swift Logic Puzzle
8
2010s Album by Cover IV
9
2010s Album by Cover V
10
Kpop Logic Quiz
Explore More
Trending Topics
Crossword
Kpop
Disney
Anime
NBA
Harry Potter
Marvel
Soccer
Song
Pokémon
Country
WWE
NFL
Puzzle
The Office
hide this ad
More By:
kpoppin
Quiz
Plays
Rating
Category
Featured
Created
Kpop idol quiz
117,845
1.88
Music
Aug 20, 2012
Keyword K-pop
1,561
2.33
Music
Jul 11, 2013
Adam Levine Lost Stars Lyrics (Begin Again OST)
492
4.50
Music
Jan 20, 2015
Kpop Idol Birthdays
476
5.00
Music
Oct 5, 2014
Go to Creator's Profile
Score Distribution
Quiz Creator Spotlight
kpoppin
Follow
Send a Message
Quizzes Created
-
Created Quiz Play Count
-
More By This Creator
Popular Quizzes Today
1
Find the Countries of Europe - No Outlines Minefield
2
Find the US States - No Outlines Minefield
3
The Countries of the World
4
Popular People in 1961
5
US States
6
Find the US States
7
1-10 Letter E Words III
8
Risky Map Clicking: Biggest States A-Z
More Music Quizzes
Michael Jackson Forename Match
Editor's Pick
Trending Quizzes
Risky Map Clicking: Least Populous States A-Z
1-10 Letter F Words
1-10 Letter G Words
One Thing in Common: United Kingdom
Not Quite an Element Typing Challenge
Recently Updated
Leaping Animals
pecheneg
Reality TV Shows (A-Z)
bhenderson79
Rickey Henderson's Hall of Fame Teammates
pecheneg
Champions League XIs: Arsenal
pecheneg
Quick Pick: Celebrities in WWE's Hall of Fame
aduchscher
A-Z Keypad Blitz II
pecheneg
Multiple Oscar Actors
pecheneg
Mystery Phrase Blitz: Oscar 'Best Actors'
pecheneg
F. Scott Fitzgerald Novels
LTH
Pick 3 Villains
ddd62291
Trending Topics
Anime
NBA
Marvel
Crossword
Harry Potter
Disney
Kpop
Song
The Office
NFL
Puzzle
Country
WWE
Pokémon
Soccer
Your Account Isn't Verified!
In order to create a playlist on Sporcle, you need to verify the email address you used during registration. Go to your
Sporcle Settings
to finish the process.
Report this User
Report this user for behavior that violates our
Community Guidelines
.
Details:
Send Report
Go to the Sporcle.com Mobile Site →
Comments